Tremties dienoraščiai

Titel: Tremties dienoraščiai : Bliūdžiu̢ šeimos tragedija / [sudaryt. Elena Stulgienė]
Beteiligt:
Veröffentlicht: Vilnius : Lietuvos Genocido ir Rezistencijos Tyrimo Centras, 2011
Umfang: 463 S. : überw. Ill.
Format: Buch
Sprache: Litauisch; Englisch
RVK-Notation:
Schlagworte:
ISBN: 9786098037098
Buchumschlag
X
Lokale Klassifikation: 2 B 2408 ; 2 B 2409 ; 2 B 2410 ; 45 5 F ; 45 5 Fa ; 45 3 H ; 45 7 Ms
alg: 27849770
001A    $00030:24-10-11 
001B    $01999:09-06-23 $t19:34:28.000 
001C    $00030:09-05-15 $t11:24:30.000 
001D    $03004:28-09-12 
001U    $0utf8 
001X    $00 
002@    $0Aau 
003@    $0278497705 
004A    $A978-609-8037-09-8 
007A    $0278497705 $aHEB 
007G    $0DE020F4BD7747CE458518C1257A8E004EA635 
007T    $0Herdhh278497705 
009P    $qapplication/pdf $A2 $3Inhaltsverzeichnis $uhttp://scans.hebis.de/HEBCGI/show.pl?27849770_toc.pdf $mV:DE-603;B:DE-Mb50 
010@    $alit $aeng 
011@    $a2011 
021A    $aTremties dienoraščiai $dBliūdžiu̢ šeimos tragedija $h[sudaryt. Elena Stulgienė] 
028C    $7 $8Stulgienė, Elena [Tnu] $9281522898 
033A    $pVilnius $nLietuvos Genocido ir Rezistencijos Tyrimo Centras 
034D    $a463 S. 
034M    $aüberw. Ill. 
044K    $RLitovskaja Gubernija $RLitauische Sozialistische Sowjetrepublik $#Litauen $#Litauen $#Lithuania $#Lietuvos Respublika $#République Lithuanienne $#Lithuanie $#Litva 1918 - 1940, 1991, 9 - $#Litovskaja Respublika $#Lithuania 1918 - 1940, 1991, 9 - $#Republik Litauen $#Republic of Lithuania $#Lithuanian Republic $#Litauische Republik $#Lietuva $74074266-0 $8Litauen [Tg1] $9085209074 
044K    $RSystemveränderung $74181897-0 $8Sowjetisierung [Ts1] $9085873322 
044K    $RKommunismus $REntstalinisierung $#Stalinisme $#Stalinismus $74056883-0 $8Stalinismus [Ts1] $9085158437 
044K    $RHerrschaftssystem $RAutokratie $RDespotie $#Despotism $#Despotisme $#Diktatur $#Diktatur $#Diktaturen $74149920-7 $8Diktatur [Ts1] $9085615285 
045F    $a900.947930904 $eDDC23BSB 
045F/01 $a900 
045F/03 $f0904 
045F/03 $g4793 
045G    $a306.094793 $eDDC23BSB 
045G/01 $a306.09 
045G/03 $g4793 
045H    $a909 $eDDC23BSB 
045H/01 $a909 
045H/03 $f0904 
045H/03 $g4793 
045Z    $8NY 4810 [Tkv] $9410953504 
045Z    $8NQ 5040 [Tkv] $9410914975 
045Z    $8NQ 2360 [Tkv] $9410912263 

lok: 27849770 3
101B    $025-01-12 $t11:37:46.000 
101C    $009-12-11 
101U    $0utf8 
144Z/20 $aj12jan 
145S/06 $a770 
145Z/01 $a900 T 209 Da 0059 NS-Zeit 

exp: 27849770 3 1 #EPN
201B/01 $009-12-11 $t12:35:51.000 
201C/01 $025-10-11 
201U/01 $0utf8 
203@/01 $0631694447 
208@/01 $a09-12-11 $bzAa 
209A/01 $aQ 89.641.33 $du $f000 $hQ 89 641 33 $x00 
209G/01 $a89641330 $x00 
247C/01 $8601000-3 <30>Frankfurt, Universitätsbibliothek J. C. Senckenberg, Zentralbibliothek (ZB) $9102598258 

lok: 27849770 24
101B    $028-09-12 $t12:19:38.000 
101C    $028-09-12 
101U    $0utf8 
145Z/01 $a2 B 2408 
145Z/02 $a2 B 2409 
145Z/03 $a2 B 2410 
145Z/04 $a45 5 F 
145Z/05 $a45 5 Fa 
145Z/06 $a45 3 H 
145Z/07 $a45 7 Ms 

exp: 27849770 24 1 #EPN
201B/01 $028-09-12 $t12:26:13.000 
201C/01 $022-08-12 
201U/01 $0utf8 
203@/01 $0647486717 
208@/01 $a28-09-12 $bz 
209A/01 $a12.06726 $du $f050 $h12 06726 $x00 
209G/01 $a73121906 $x00 
220C/01 $asem 
244Z/01 $71026386632 $8--Tp1--$PBliūdžiai$lFamilie $x01 $9309389283 
244Z/01 $#Klebonaitė, Teodora Akvilina $71025435095 $8--Tp1--Bliūdžiuvienė, Teodora Akvilina$Z1894-1943 $x02 $9307496767 
244Z/01 $#Bliūdžiūtė, Petrutė $7102543496X $8--Tp1--Bliūdžiūtė, Akvilė Petronėlė$Z1929-1943 $x03 $930749652X 
247C/01 $8358050-7 Marburg, Bibliothek des Herder-Instituts Marburg $9102600961 

lok: 27849770 78

exp: 27849770 78 1 #EPN
201B/01 $019-04-17 $t22:01:40.000 
201U/01 $0utf8 
203@/01 $0793863678 
208@/01 $a12-11-16 $be 
209A/01 $a/ $f000 $x00 
244Z/01 $2Trx $#dzieło zbiorowe $8--Trx--Sammelwerk $x01 $9391384597 
247C/01 $82080>Marburg/Lahn, Herder-Institut, Forschungsbibliothek, Bibliographieportal $9336309341
LEADER 00000cam a2200000 c 4500
001 278497705
003 DE-603
005 20230609193428.0
007 tu
008 111024s2011 xx |||| | u00||u|lit c
020 |a 9786098037098 
035 |a (DE-599)HEB278497705 
040 |a DE-603  |b ger  |c DE-603  |d DE-603 
041 |a lit  |a eng 
082 0 4 |8 1\u  |a 900.947930904  |q DE-101  |2 23/BSB 
083 0 |8 2\u  |a 306.094793  |q DE-101  |2 23/BSB 
083 0 |8 3\u  |a 909  |q DE-101  |2 23/BSB 
084 |a NY 4810  |0 (DE-625)132363:  |0 (DE-603)410953504  |2 rvk 
084 |a NQ 5040  |0 (DE-625)128526:  |0 (DE-603)410914975  |2 rvk 
084 |a NQ 2360  |0 (DE-625)128255:  |0 (DE-603)410912263  |2 rvk 
085 |8 1\u  |b 900 
085 |8 1\u  |z 1  |s 0904 
085 |8 1\u  |z 2  |s 4793 
085 |8 2\u  |b 306.09 
085 |8 2\u  |z 2  |s 4793 
085 |8 3\u  |b 909 
085 |8 3\u  |z 1  |s 0904 
085 |8 3\u  |z 2  |s 4793 
245 0 0 |a Tremties dienoraščiai  |b Bliūdžiu̢ šeimos tragedija  |c [sudaryt. Elena Stulgienė] 
264 1 |a Vilnius  |b Lietuvos Genocido ir Rezistencijos Tyrimo Centras  |c 2011 
300 |a 463 S.  |b überw. Ill. 
650 7 |a Sowjetisierung  |0 (DE-588)4181897-0  |0 (DE-603)085873322  |2 gnd 
650 7 |a Stalinismus  |0 (DE-588)4056883-0  |0 (DE-603)085158437  |2 gnd 
650 7 |a Diktatur  |0 (DE-588)4149920-7  |0 (DE-603)085615285  |2 gnd 
651 7 |a Litauen  |0 (DE-588)4074266-0  |0 (DE-603)085209074  |2 gnd 
700 1 |a Stulgienė, Elena  |0 (DE-603)281522898 
856 4 2 |m V:DE-603;B:DE-Mb50  |q application/pdf  |u http://scans.hebis.de/HEBCGI/show.pl?27849770_toc.pdf  |3 Inhaltsverzeichnis 
924 0 |9 30  |a (DE-603)631694447  |b DE-30  |c HES  |d c  |g Q 89.641.33 
924 0 |9 Mb 50  |a (DE-603)647486717  |b DE-Mb50  |c HES  |d c  |g 12.06726 
924 0 |9 2080  |a (DE-603)793863678  |b DE-2080  |c HES  |d d  |g /